| 000 | 00000nam##2200000za#4500 |
| 001 | 9.579648 |
| 003 | CaOODSP |
| 005 | 20210624190649 |
| 007 | cr ||||||||||| |
| 008 | 150406|1997||||xxc|||||o f|0| 0 eng|d |
| 022 | |a1488-5387 |
| 040 | |aCaOODSP|beng |
| 043 | |an-cn--- |
| 086 | 1 |aFs97-4/2424E-PDF |
| 110 | 1 |aCanada. |bDepartment of Fisheries and Oceans. |
| 245 | 10|aWater temperature monitoring in the Salmon River (Shuswap), B.C. 1995 : |h[electronic resource]|bimplications of measured temperatures for anadromous salmonids / |cby L.C. Walthers and J.C. Nener. |
| 260 | |aVancouver - British Columbia : |bFisheries and Oceans Canada |c1997. |
| 300 | |a65p.|bfigs., references, tables |
| 490 | 1 |aCanadian manuscript report of fisheries and aquatic sciences|x1488-5387|vNo. 2424 |
| 500 | |aOn t. p. : Fraser River Action Plan, Vancouver, British Columbia. The catalogue number and ISSN for the print edition appear in the PDF version. |
| 546 | |a(Résumés en français) |
| 590 | |a14-09-Supp|b2014-04-23 |
| 720 | 1 |aWalthers, L. C. |
| 720 | 1 |aNener, J. C. |
| 830 | #0|aCanadian manuscript report of fisheries and aquatic sciences,|x1488-5387|vNo. 2424|w(CaOODSP)9.505211 |
| 856 | 40|ahttp://publications.gc.ca|qPDF|s1009 KB|uhttps://publications.gc.ca/collections/collection_2014/mpo-dfo/Fs97-4-2424-eng.pdf|yNo. 2424 |